LEADER 00883nam a2200229 i 4500 001 000000040553 003 CaOOAMICUS 005 20111102000000.0 008 111102s1867 it u000 u ita u 013 $a11723 040 $aSeMil$bita 100 1 $aMamiani, Terenzio,$d<1779-1855>.$0(OLS)http://semarc/name/2788 245 10$aProse letterarie /$cdi Terenzio Mamiani. 260 $aFirenze :$bG. Barbčra,$c1867. 300 $aXXVII, 564 p. ;$c19 cm. 500 $aSul front. : Volume unico. - L. 4. 650 4$aMamiani, Terenzio - Opere.$0(OLS)http://semarc/subject/789 850 $aSeMil 852 $aSeMil$W1$xVenegono$y1$m1P IV 14 FA$j6708$B6708$CSeMilBibl$Z2$F6708 $8I 961 $aOmaggio: Biblioteca Seminario Duomo 996 $6245$aProse letterarie$9(OLS)http://semarc/title/35577 996 $6260$aFirenze :$bG. Barbčra$9(OLS)http://semarc/publisher/31283 LEADER 01136nam a2200289 i 4500 001 000000043950 003 CaOOAMICUS 005 20190411115242.0 008 131129s1994 it u000 u ita u 013 $a15120 020 $a88-399-2105-2 040 $aSeMil$bita 100 1 $aKenik Mainelli, Helen.$0(OLS)http://semarc/name/21837 240 10$aNumbers.$0(OLS)http://semarc/title/64774 245 10$aNumeri /$cHelen Kenik Mainelli. 260 $aBrescia :$bQueriniana,$ccopyr. 1994. 300 $a193 p. ;$c21 cm. 490 0 $aLa Bibbia per tutti ;$v5 650 4$aBibbia. Antico Testamento. Numeri - Commentari, studi, critica, interpretazioni.$0(OLS)http://semarc/subject/11065 830 3$aLa Bibbia per tutti ;$v5.$0(OLS)http://semarc/title/134 850 $aSeMil 852 $aSeMil$W1$xVenegono$y1$m2W II 185$j10105$B10105$CSeMilBibl$Z2$F10105 $81 961 $aOmaggio: Scuola Cattolica 996 $6020$a88-399-2105-2$9(OLS)http://semarc/number/15700 996 $6245$aNumeri$9(OLS)http://semarc/title/12031 996 $6260$aBrescia :$bQueriniana$9(OLS)http://semarc/publisher/29615